Departamentos de Francia con un Mapa Vacío - Estadísticas

Estadísticas generales
  • Esta prueba ha sido intentada 105 veces
  • La puntuación promedio es 32 de 96
Respuestas en el mapa
Las respuestas están codificadas por una escala verde-roja en el mapa de la prueba según el % correcto abajo.
 
Estadísticas de respuestas
Département % Correcto
75 París
88%
42 Loira
55%
33 Gironda
45%
40 Landas
45%
59 Norte
45%
64 Pirineos Atlánticos
45%
46 Lot
43%
29 Finisterre
42%
62 Paso de Calais
42%
01 Ain
41%
18 Cher
41%
69 Ródano
41%
81 Tarn
41%
02 Aisne
39%
34 Hérault
39%
39 Jura
39%
47 Lot y Garona
39%
51 Marne
39%
66 Pirineos Orientales
39%
08 Ardenas
38%
16 Charente
38%
22 Côtes-d'Armor
38%
44 Loira Atlántico
38%
45 Loiret
38%
60 Oise
38%
78 Yvelines
38%
13 Bocas del Ródano
36%
27 Eure
36%
73 Saboya
36%
83 Var
36%
03 Allier
35%
2B Alta Córcega
35%
68 Alto Rin
35%
10 Aube
35%
12 Aveyron
35%
14 Calvados
35%
17 Charente Maritimo
35%
30 Gard
35%
56 Morbihan
35%
82 Tarn y Garona
35%
74 Alta Saboya
33%
31 Alto Garona
33%
43 Alto Loira
33%
65 Altos Pirineos
33%
11 Aude
33%
67 Bajo Rin
33%
21 Côte-d'Or
33%
24 Dordoña
33%
26 Drôme
33%
76 Sena Marítimo
33%
84 Vaucluse
33%
06 Alpes-Marítimos
32%
05 Altos Alpes
32%
25 Doubs
32%
38 Isère
32%
48 Lozère
32%
85 Vendée
32%
19 Corrèze
30%
32 Gers
30%
50 Mancha
30%
57 Mosela
30%
63 Puy-de-Dôme
30%
72 Sarthe
30%
77 Sena y Marne
30%
86 Vienne
30%
07 Ardèche
29%
09 Ariège
29%
15 Cantal
29%
2A Córcega del Sur
29%
79 Deux-Sèvres
29%
28 Eure y Loir
29%
35 Ille y Vilaine
29%
53 Mayenne
29%
61 Orne
29%
88 Vosgos
29%
87 Alto Vienne
28%
23 Creuse
28%
91 Essonne
28%
41 Loir y Cher
28%
54 Meurthe y Mosela
28%
55 Mosa
28%
80 Somme
28%
90 Territorio de Belfort
28%
04 Alpes de Alta Provenza
26%
52 Alto Marne
25%
36 Indre
25%
58 Nièvre
25%
71 Saona y Loira
25%
70 Alto Saona
23%
92 Altos del Sena
23%
93 Sena-San Denis
23%
95 Valle del Oise
23%
89 Yonne
23%
37 Indre y Loira
22%
94 Valle del Marne
22%
49 Maine y Loira
20%
No se encontraron pruebas coincidentes
Distribución de puntuación
Porcentaje de gente con cada puntuación
Porcentaje por número respondido
Historial de tus puntuaciones
No has intentado esta prueba.